Constitutional and administrative law / (Record no. 26956)
[ view plain ]
| 000 -LEADER | |
|---|---|
| fixed length control field | 02296cam a22003255a 4500 |
| 001 - CONTROL NUMBER | |
| control field | 018874113 |
| 003 - CONTROL NUMBER IDENTIFIER | |
| control field | Uk |
| 005 - DATE AND TIME OF LATEST TRANSACTION | |
| control field | 20181105131645.0 |
| 008 - FIXED-LENGTH DATA ELEMENTS--GENERAL INFORMATION | |
| fixed length control field | 180518s2017 enk frb 001 0 eng d |
| 015 ## - NATIONAL BIBLIOGRAPHY NUMBER | |
| National bibliography number | GBB8F3150 |
| Source | bnb |
| 020 ## - INTERNATIONAL STANDARD BOOK NUMBER | |
| Cancelled/invalid ISBN | 9781137606716 |
| 040 ## - CATALOGING SOURCE | |
| Original cataloging agency | Uk |
| Language of cataloging | eng |
| Transcribing agency | Uk |
| Modifying agency | EG-ScBUE |
| 082 04 - DEWEY DECIMAL CLASSIFICATION NUMBER | |
| Classification number | 342.41 |
| Item number | ALD |
| Edition number | 22 |
| 100 1# - MAIN ENTRY--PERSONAL NAME | |
| Personal name | Alder, John. |
| 9 (RLIN) | 41908 |
| 245 10 - TITLE STATEMENT | |
| Title | Constitutional and administrative law / |
| Statement of responsibility, etc | John Alder, Keith Syrett. |
| 250 ## - EDITION STATEMENT | |
| Edition statement | 11th ed. |
| 260 ## - PUBLICATION, DISTRIBUTION, ETC. (IMPRINT) | |
| Place of publication, distribution, etc | London : |
| Name of publisher, distributor, etc | Palgrave Macmillan, |
| Date of publication, distribution, etc | 2017. |
| 300 ## - PHYSICAL DESCRIPTION | |
| Extent | xlii, 651 p. ; |
| Dimensions | 24 cm. |
| 490 0# - Series Statement | |
| Series statement | Palgrave law masters |
| 504 ## - BIBLIOGRAPHY, ETC. NOTE | |
| Bibliography, etc | Includes bibliographical references and index. |
| 505 0# - FORMATTED CONTENTS NOTE | |
| Formatted contents note | PART I: THE FRAMEWORK OF THE CONSTITUTION.- 1. Introduction: Constitutional Structures.- 2. Underlying Political Traditions.- 3. The Sources of the Constitution.- 4. Historical Landmarks.- 5. An Overview of the Main Institutions of the Constitution.- PART II FUNDAMENTAL PRINCIPLES.- 6. The Rule of Law.- 7. The Separation of Powers.- 8. Parliamentary Sovereignty.- PART III INTERNATIONAL ASPECTS OF THE CONSTITUTION.- 9. The State and the Outside World.- 10. The European Union.- PART IV: GOVERNMENT INSTITUTIONS.- 11. Parliament: Constitutional Position.- 12. The Composition of Parliament and Parliamentary Elections.- 13. Parliamentary Procedure.- 14. The Crown.- 15. Ministers and Departments.- 16. Devolution.- PART V: ADMINISTRATIVE LAW.- 17. The Grounds of Judicial Review, I: Illegality and Ultra Vires.- 18. The Grounds of Judicial Review, II: Beyond Ultra Vires.- 19. Judicial Review Remedies and Procedure.- 20. Administrative Justice.- PART VI: FUNDAMENTAL RIGHTS.- 21. Human Rights and Civil Liberties.- 22. The Human Rights Act 1998.- 23. Freedoms of Expression and Assembly.- 24. Government Secrecy.- 25. Exceptional Powers: Security, Emergencies and Terrorism.<br/> |
| 520 ## - SUMMARY, ETC. | |
| Summary, etc | This textbook provides a thorough and accessible introduction to the basic principles of United Kingdom Constitutional and Administrative Law, including Human Rights law.<br/><br/> |
| 650 #7 - SUBJECT ADDED ENTRY--TOPICAL TERM | |
| Topical term or geographic name as entry element | Law. |
| Source of heading or term | BUEsh |
| 650 #7 - SUBJECT ADDED ENTRY--TOPICAL TERM | |
| Topical term or geographic name as entry element | Constitutional law |
| Geographic subdivision | Great Britain. |
| Source of heading or term | BUEsh |
| 650 #7 - SUBJECT ADDED ENTRY--TOPICAL TERM | |
| Topical term or geographic name as entry element | Administrative law |
| Geographic subdivision | Great Britain. |
| Source of heading or term | BUEsh |
| 653 ## - INDEX TERM--UNCONTROLLED | |
| Resource For college | Law |
| Arrived date list | November2018 |
| 655 ## - INDEX TERM--GENRE/FORM | |
| Form subdivision | Reading book |
| 700 1# - ADDED ENTRY--PERSONAL NAME | |
| Personal name | Syrett, Keith. |
| 9 (RLIN) | 41909 |
| 942 ## - ADDED ENTRY ELEMENTS (KOHA) | |
| Source of classification or shelving scheme | Dewey Decimal Classification |
| Withdrawn status | Item status | Source of classification or shelving scheme | Damaged status | Not for loan | Vendor | Home library | Current library | Shelving location | Date acquired | Source of acquisition | Cost, normal purchase price | Total Checkouts | Full call number | Barcode | Date last seen | Koha item type | Total Renewals | Date last borrowed |
|---|---|---|---|---|---|---|---|---|---|---|---|---|---|---|---|---|---|---|
| Dewey Decimal Classification | Baccah | Central Library | Central Library | First floor | 05/11/2018 | Purchase | 650.00 | 342.41 ALD | 000043829 | 15/07/2025 | NB - Book (Non borrowing) | |||||||
| Dewey Decimal Classification | Baccah | Central Library | Central Library | First floor | 05/11/2018 | Purchase | 650.00 | 5 | 342.41 ALD | 000043830 | 15/07/2025 | Book - Borrowing | 39 | 27/11/2024 | ||||
| Dewey Decimal Classification | Baccah | Central Library | Central Library | First floor | 05/11/2018 | Purchase | 650.00 | 7 | 342.41 ALD | 000043831 | 15/07/2025 | Book - Borrowing | 38 | 19/11/2024 |